00836nam a2200217 i 4500001000700000003000900007005001700016007000300033008004100036100004700077245005800124260005200182300002200234490006800256650002800324650003000352830007600382852002100458999001900479952012000498188006ES-MaACL20260217063018.0t|180409s1932 xxk ||||1| eng d1 aIngham, Albert Edward, d1900-1967916455514aThe distribution of prime numbers / cby A.E. Ingham. aCambridge : bCambridge University Press, 1932. a114 p. ; c22 cm.1 aCambridge tracts in mathematics and mathematical physics ; v30 4aFunciones Zeta.9164550 4aNúmeros primos.91645560 aCambridge tracts in mathematics and mathematical physics ; v309192958 aES-MaACLjC-8168 c188006d188006 00104070aATENEOMbATENEOMcSPALd2018-04-09eSCl0oC-8168p1198659r2023-02-23 00:00:00w2023-02-23yMONOGRAFIA